000 00831nam a2200229 i 4500
001 172499
003 ES-MaACL
005 20230906214933.0
008 090713s2002 fr |||| | fre d
020 _a2-225-83697-3
080 _a347.56(44):614.25
100 1 _aPaley-Vincent, Catherine.
_9141044
245 1 0 _aResponsabilité du médecin
_b: mode d'emploi /
_cCatherine Paley-Vincent.
260 _aParis :
_bMasson,
_c[2002]
300 _aXII, 276 p. ;
_c21 cm.
490 1 _aCollection de droit médical pratique
650 4 _aMédicos-
_xResponsabilidad profesional-
_zFrancia.
_9140997
650 4 _aMedicina-
_xLegislación-
_zFrancia.
_9140996
830 0 _aCollection de droit médical pratique
_9223344
852 _aES-MaACL
_jE-12817
_9R.139438
_z.- Biblioteca Jacinto Martínez Lacalle
999 _c172499
_d172499